000 00301nam a2200145Ia 4500
100 _aKumbhojkar / G.V
942 _cBK
654 _amathematics I
245 _aApplied Mathematics-I
260 _bC Jamnadas & Co
_c1999
082 _a519
_bKUM
300 _a365
546 _aENGLISH
999 _c21707
_d21707